Most Guessed London Underground Stations - Statistics

General Stats
  • This quiz has been taken 291 times
  • The average score is 13 of 20
Answer Stats
% station % Correct
68 Waterloo
92%
76 King's Cross St Pancras
91%
65 Euston
81%
64 Oxford Circus
80%
61 Paddington
77%
73 Victoria
77%
64 Bank
75%
61 Liverpool Street
71%
64 Piccadilly Circus
71%
61 Baker Street
68%
56 London Bridge
68%
63 Westminster
68%
60 Leicester Square
67%
55 Charing Cross
64%
56 Tottenham Court Road
56%
55 Hyde Park Corner
41%
60 Heathrow Terminals 1, 2, 3; 4; 5
38%
57 Camden Town
31%
68 Regent's Park
28%
57 Elephant and Castle
26%
No matching quizzes found
Score Distribution
Percent of People with Each Score
Percentile by Number Answered
Your Score History
You have not taken this quiz